000 00262nam a22001217a 4500
008 171002b xxu||||| |||| 00| 0 eng d
041 _aeng
080 _a37
100 _a47
101 _aEDU
245 _aCOMPLETE GUIDE TO SEWING
_cCOLTON, V
942 _2udc
_cBK
999 _c31229
_d31229